| 000 | 01126cad a22002295a 4500 | ||
|---|---|---|---|
| 001 | L157040 | ||
| 008 | 120817s2012 xxk 000 0 eng d | ||
| 035 | _a(Sirsi) u157040 | ||
| 041 | 0 | _aeng | |
| 100 | 1 | _aObu, Koichiro | |
| 245 | 0 | 0 |
_aJapan real estate third quarter 2012 _h[electronic resource] |
| 260 |
_a[S.l.] _bRREEF, 2012 |
||
| 490 | 0 |
_aRREEF Real Estate Research Reports _vJuly 2012 |
|
| 520 | _aThe outlook for Japan's economic growth in 2012 has improved. GDP is expected to grow by 3.1% in 2012 instead of the 2.8% forecast three months ago. Japan's property markets provided mixed signals in the first half of 2012.On the upside J-REITS enjoyed a buoyant performance in the year. The downside of the property market centres heavily on the office sector. Covers the fundamentals for the office, retail, residential, and industrial markets. | ||
| 590 | _aKA NTK | ||
| 651 | 4 | _aJapan | |
| 690 |
_aCommercial property _96227 |
||
| 690 |
_aResidential property _96266 |
||
| 700 | 1 | _aRoberts, Mark | |
| 856 | 4 | 0 |
_uhttps://www.rreef.com/research/research_6474.jsp _zView the report at www.rreef.com |
| 942 | _n0 | ||
| 999 |
_c84244 _d84244 |
||